Homebuy (Record no. 104629)

MARC details
000 -LEADER
fixed length control field 01409cam a2200229 4500
001 - CONTROL NUMBER
control field ##L131076
008 - FIXED-LENGTH DATA ELEMENTS--GENERAL INFORMATION
fixed length control field 050926n2005 000 0 eng u
035 ## - SYSTEM CONTROL NUMBER
System control number (Sirsi) u131076
041 0# - LANGUAGE CODE
Language code of text/sound track or separate title eng
050 ## - LIBRARY OF CONGRESS CALL NUMBER
Classification number 333.332
-- 18
110 1# - MAIN ENTRY--CORPORATE NAME
Corporate name or jurisdiction name as entry element United Kingdom
Subordinate unit Office of the Deputy Prime Minister
245 00 - TITLE STATEMENT
Title Homebuy
Remainder of title expanding the opportunity to own
-- government's response
260 ## - PUBLICATION, DISTRIBUTION, ETC.
Place of publication, distribution, etc. London
Name of publisher, distributor, etc. ODPM
Date of publication, distribution, etc. 2005
520 ## - SUMMARY, ETC.
Summary, etc. The government response to the April 2005 consultation "Homebuy - expanding the opportunity to own" (see L) concludes that the Homebuy proposals will meet the objectives of making low cost home ownership simpler, fairer and more affordable and help more people achieve their home ownership aspirations. The new suite of Homebuy products will be affordable, simple and sustainable, offers value for money and forms part of a coherent agenda to create sustainable communities. The opportunity to own will be expanded to over 100,000 people by 2010.
590 ## - LOCAL NOTE (RLIN)
Local note IKA270905
650 24 - SUBJECT ADDED ENTRY--TOPICAL TERM
Topical term or geographic name entry element Affordable housing
9 (RLIN) 6215
650 24 - SUBJECT ADDED ENTRY--TOPICAL TERM
Topical term or geographic name entry element DCLG HOMEBUY
651 #4 - SUBJECT ADDED ENTRY--GEOGRAPHIC NAME
Geographic name England
Chronological subdivision 886-
690 ## - LOCAL SUBJECT ADDED ENTRY--TOPICAL TERM (OCLC, RLIN)
Topical term or geographic name as entry element PROPERTY-RESIDENTIAL PROPERTY-ACQUISITION AND DISPOSAL OF RESIDENTIAL PROPERTY-HOME BUYING REFORM
856 40 - ELECTRONIC LOCATION AND ACCESS
Uniform Resource Identifier <a href="https://www.communities.gov.uk/archived/publications/housing/homebuyexpandingopportunity?view=Standard">https://www.communities.gov.uk/archived/publications/housing/homebuyexpandingopportunity?view=Standard</a>
Public note View the government response free of charge at www.communities.gov.uk..
942 ## - ADDED ENTRY ELEMENTS (KOHA)
Suppress in OPAC 0
Holdings
Withdrawn status Lost status Source of classification or shelving scheme Damaged status Not for loan Home library Current library Shelving location Date acquired Total Checkouts Full call number Barcode Date last seen Copy number Price effective from Koha item type
    Dewey Decimal Classification     Virtual Virtual Online 26/09/2005   ONLINE PUBLICATION 131076-2001 06/08/2019 1 06/08/2019 Book